| 000 | 00454 a2200157 4500 | ||
|---|---|---|---|
| 999 |
_c8364 _d8364 |
||
| 020 | _a9780323278010 | ||
| 050 | _aRM 301.12 SKI 2015 | ||
| 100 |
_aSkidmore-Roth, Linda _eauthor |
||
| 245 |
_aMosby's 2015 nursing drug reference / _cLinda Skidmore-Roth |
||
| 250 | _a28th ed. | ||
| 264 |
_aChina : _bElsevier Mosby, _c2015 |
||
| 300 |
_a1363p.: _bill. |
||
| 500 | _aIncludes index | ||
| 650 |
_aDictionary _xnursing |
||
| 942 |
_2lcc _cBK _e28th _h301.12 _iSKI _kRM |
||